| 000 | 00509nam a22001817a 4500 | ||
|---|---|---|---|
| 005 | 20250326113936.0 | ||
| 010 | _aENG-140145 | ||
| 020 |
_c325.00 _a9789386537683 |
||
| 035 | _aEN-123677 | ||
| 037 | _bDBAD | ||
| 082 | _a332.68 | ||
| 100 |
_aSarkar S _979920 |
||
| 245 |
_aNoble Sciencetist Of India _cS. Sarkar _hENGLISH |
||
| 260 |
_akOLKATTA _bPrabir Sarkar _c2017 |
||
| 270 |
_bkolkatta _a37/1A ,Beniatola Lane _e700009 |
||
| 300 |
_a196p _c21cm(pbk) |
||
| 942 |
_2ddc _cEN _h509.2 _mSAR |
||
| 999 |
_c210505 _d210505 |
||